<?xml version="1.0" encoding="UTF-8"?>
<record
    xmlns:xsi="http://www.w3.org/2001/XMLSchema-instance"
    xsi:schemaLocation="http://www.loc.gov/MARC21/slim http://www.loc.gov/standards/marcxml/schema/MARC21slim.xsd"
    xmlns="http://www.loc.gov/MARC21/slim">

  <leader>00594nam a22001337a 4500</leader>
  <datafield tag="040" ind1=" " ind2=" ">
    <subfield code="c">RUA</subfield>
  </datafield>
  <datafield tag="082" ind1=" " ind2=" ">
    <subfield code="a">AVM SOV 2009 B090 Or.1</subfield>
  </datafield>
  <datafield tag="100" ind1=" " ind2=" ">
    <subfield code="a">SOVANN, RATANAK.</subfield>
  </datafield>
  <datafield tag="245" ind1=" " ind2=" ">
    <subfield code="a">study on porcine trichinellosis in the slaughterhouses of prey veng province (&#x1780;&#x17B6;&#x179A;&#x179F;&#x17B7;&#x1780;&#x17D2;&#x179F;&#x17B6;&#x1787;&#x17C6;&#x1784;&#x17BA;&#x1791;&#x17D2;&#x179A;&#x17B8;&#x1782;&#x17B8;&#x1793;&#x1787;&#x17D2;&#x179A;&#x17BC;&#x1780;&#x1793;&#x17C5;&#x1791;&#x17B8;&#x179F;&#x178F;&#x17D2;&#x178F;&#x1783;&#x17B6;&#x178A;&#x1780;&#x17D2;&#x1793;&#x17BB;&#x1784;&#x1781;&#x17C1;&#x178F;&#x17D2;&#x178F;&#x1796;&#x17D2;&#x179A;&#x17C3;&#x179C;&#x17C2;&#x1784;)</subfield>
  </datafield>
  <datafield tag="260" ind1=" " ind2=" ">
    <subfield code="a">Phnom Penh</subfield>
    <subfield code="b">RUA</subfield>
    <subfield code="c">2009</subfield>
  </datafield>
  <datafield tag="300" ind1=" " ind2=" ">
    <subfield code="a">x, 41p.</subfield>
    <subfield code="b">ill.</subfield>
    <subfield code="c">29cm.</subfield>
  </datafield>
  <datafield tag="856" ind1=" " ind2=" ">
    <subfield code="u">https://drive.google.com/file/d/1B8krfbPfJbtZo1_-ITbfO78IDs6bc7uQ/view?usp=sharing</subfield>
  </datafield>
  <datafield tag="942" ind1=" " ind2=" ">
    <subfield code="c">AVM</subfield>
  </datafield>
  <datafield tag="999" ind1=" " ind2=" ">
    <subfield code="c">2446</subfield>
    <subfield code="d">2446</subfield>
  </datafield>
  <datafield tag="952" ind1=" " ind2=" ">
    <subfield code="0">0</subfield>
    <subfield code="1">0</subfield>
    <subfield code="2">ddc</subfield>
    <subfield code="4">0</subfield>
    <subfield code="6">AVM_SOV_2009_000000000000000_B090_OR_1</subfield>
    <subfield code="7">0</subfield>
    <subfield code="9">10994</subfield>
    <subfield code="a">LBB</subfield>
    <subfield code="b">LBB</subfield>
    <subfield code="c">B090</subfield>
    <subfield code="d">2015-10-21</subfield>
    <subfield code="o">AVM SOV 2009 B090 Or.1</subfield>
    <subfield code="p">RUA020039</subfield>
    <subfield code="r">2015-10-21</subfield>
    <subfield code="w">2015-10-21</subfield>
    <subfield code="y">AVM</subfield>
  </datafield>
  <datafield tag="952" ind1=" " ind2=" ">
    <subfield code="0">0</subfield>
    <subfield code="1">0</subfield>
    <subfield code="2">ddc</subfield>
    <subfield code="4">0</subfield>
    <subfield code="6">AVM_SOV_2009_000000000000000_B090_OR_2</subfield>
    <subfield code="7">0</subfield>
    <subfield code="9">10995</subfield>
    <subfield code="a">LBB</subfield>
    <subfield code="b">LBB</subfield>
    <subfield code="c">B090</subfield>
    <subfield code="d">2015-10-21</subfield>
    <subfield code="o">AVM SOV 2009 B090 Or.2</subfield>
    <subfield code="p">RUA015084</subfield>
    <subfield code="r">2015-10-21</subfield>
    <subfield code="w">2015-10-21</subfield>
    <subfield code="y">AVM</subfield>
  </datafield>
  <datafield tag="952" ind1=" " ind2=" ">
    <subfield code="0">0</subfield>
    <subfield code="1">0</subfield>
    <subfield code="2">ddc</subfield>
    <subfield code="4">0</subfield>
    <subfield code="6">AVM_SOV_2009_000000000000000_B090_OR_3</subfield>
    <subfield code="7">0</subfield>
    <subfield code="9">10996</subfield>
    <subfield code="a">LBB</subfield>
    <subfield code="b">LBB</subfield>
    <subfield code="c">B090</subfield>
    <subfield code="d">2015-10-21</subfield>
    <subfield code="o">AVM SOV 2009 B090 Or.3</subfield>
    <subfield code="p">RUA015266</subfield>
    <subfield code="r">2015-10-21</subfield>
    <subfield code="w">2015-10-21</subfield>
    <subfield code="y">AVM</subfield>
  </datafield>
  <datafield tag="952" ind1=" " ind2=" ">
    <subfield code="0">0</subfield>
    <subfield code="1">0</subfield>
    <subfield code="2">ddc</subfield>
    <subfield code="4">0</subfield>
    <subfield code="6">AVM_SOV_2009_000000000000000_B090_OR_4</subfield>
    <subfield code="7">0</subfield>
    <subfield code="9">10997</subfield>
    <subfield code="a">LBB</subfield>
    <subfield code="b">LBB</subfield>
    <subfield code="c">B090</subfield>
    <subfield code="d">2015-10-21</subfield>
    <subfield code="o">AVM SOV 2009 B090 Or.4</subfield>
    <subfield code="p">RUA015094</subfield>
    <subfield code="r">2015-10-21</subfield>
    <subfield code="w">2015-10-21</subfield>
    <subfield code="y">AVM</subfield>
  </datafield>
  <datafield tag="952" ind1=" " ind2=" ">
    <subfield code="0">0</subfield>
    <subfield code="1">0</subfield>
    <subfield code="2">ddc</subfield>
    <subfield code="4">0</subfield>
    <subfield code="6">AVM_SOV_2009_000000000000000_B090_OR_5</subfield>
    <subfield code="7">0</subfield>
    <subfield code="9">10998</subfield>
    <subfield code="a">LBB</subfield>
    <subfield code="b">LBB</subfield>
    <subfield code="c">B090</subfield>
    <subfield code="d">2015-10-21</subfield>
    <subfield code="o">AVM SOV 2009 B090 Or.5</subfield>
    <subfield code="p">RUA015022</subfield>
    <subfield code="r">2015-10-21</subfield>
    <subfield code="w">2015-10-21</subfield>
    <subfield code="y">AVM</subfield>
  </datafield>
  <datafield tag="952" ind1=" " ind2=" ">
    <subfield code="0">0</subfield>
    <subfield code="1">0</subfield>
    <subfield code="2">ddc</subfield>
    <subfield code="4">0</subfield>
    <subfield code="6">AVM_SOV_2009_000000000000000_B090_OR_6</subfield>
    <subfield code="7">0</subfield>
    <subfield code="9">10999</subfield>
    <subfield code="a">LBB</subfield>
    <subfield code="b">LBB</subfield>
    <subfield code="c">B090</subfield>
    <subfield code="d">2015-10-21</subfield>
    <subfield code="o">AVM SOV 2009 B090 Or.6</subfield>
    <subfield code="p">RUA017244</subfield>
    <subfield code="r">2015-10-21</subfield>
    <subfield code="w">2015-10-21</subfield>
    <subfield code="y">AVM</subfield>
  </datafield>
  <datafield tag="952" ind1=" " ind2=" ">
    <subfield code="0">0</subfield>
    <subfield code="1">0</subfield>
    <subfield code="2">ddc</subfield>
    <subfield code="4">0</subfield>
    <subfield code="6">AVM_SOV_2009_000000000000000_B090_OR_7</subfield>
    <subfield code="7">0</subfield>
    <subfield code="9">11000</subfield>
    <subfield code="a">LBB</subfield>
    <subfield code="b">LBB</subfield>
    <subfield code="c">B090</subfield>
    <subfield code="d">2015-10-21</subfield>
    <subfield code="o">AVM SOV 2009 B090 Or.7</subfield>
    <subfield code="p">RUA009520</subfield>
    <subfield code="r">2015-10-21</subfield>
    <subfield code="w">2015-10-21</subfield>
    <subfield code="y">AVM</subfield>
  </datafield>
  <datafield tag="952" ind1=" " ind2=" ">
    <subfield code="0">0</subfield>
    <subfield code="1">0</subfield>
    <subfield code="2">ddc</subfield>
    <subfield code="4">0</subfield>
    <subfield code="6">AVM_SOV_2009_000000000000000_B090_OR_8</subfield>
    <subfield code="7">0</subfield>
    <subfield code="9">11001</subfield>
    <subfield code="a">LBB</subfield>
    <subfield code="b">LBB</subfield>
    <subfield code="c">B090</subfield>
    <subfield code="d">2015-10-21</subfield>
    <subfield code="o">AVM SOV 2009 B090 Or.8</subfield>
    <subfield code="p">RUA006486</subfield>
    <subfield code="r">2015-10-21</subfield>
    <subfield code="w">2015-10-21</subfield>
    <subfield code="y">AVM</subfield>
  </datafield>
  <datafield tag="952" ind1=" " ind2=" ">
    <subfield code="0">0</subfield>
    <subfield code="1">0</subfield>
    <subfield code="2">ddc</subfield>
    <subfield code="4">0</subfield>
    <subfield code="6">AVM_SOV_2009_000000000000000_B090_OR_9</subfield>
    <subfield code="7">0</subfield>
    <subfield code="9">11002</subfield>
    <subfield code="a">LBB</subfield>
    <subfield code="b">LBB</subfield>
    <subfield code="c">B090</subfield>
    <subfield code="d">2015-10-21</subfield>
    <subfield code="o">AVM SOV 2009 B090 Or.9</subfield>
    <subfield code="p">RUA006982</subfield>
    <subfield code="r">2015-10-21</subfield>
    <subfield code="w">2015-10-21</subfield>
    <subfield code="y">AVM</subfield>
  </datafield>
  <datafield tag="952" ind1=" " ind2=" ">
    <subfield code="0">0</subfield>
    <subfield code="1">0</subfield>
    <subfield code="2">ddc</subfield>
    <subfield code="4">0</subfield>
    <subfield code="6">AVM_SOV_2009_000000000000000_B090_OR_10</subfield>
    <subfield code="7">0</subfield>
    <subfield code="9">11003</subfield>
    <subfield code="a">LBB</subfield>
    <subfield code="b">LBB</subfield>
    <subfield code="c">B090</subfield>
    <subfield code="d">2015-10-21</subfield>
    <subfield code="o">AVM SOV 2009 B090 Or.10</subfield>
    <subfield code="p">RUA006992</subfield>
    <subfield code="r">2015-10-21</subfield>
    <subfield code="w">2015-10-21</subfield>
    <subfield code="y">AVM</subfield>
  </datafield>
</record>
